00461nam a2200193Ia 450000500170000000800460001702000180006303700100008104000080009104000080009904000080010704100080011504100080012308400080013110000130013924500460015226000080019885600610020620260123164124.0008 260114s9999 xx 000 0 eng d a9789354437953 aEBOOK aCRL beng cCRL 2eng aeng qCRL aSudhakar 0aIntegrated retail marketing communication bPHI uhttps://elibrary.phindia.com/ebooks/reader/9789354437953